Statistiques concernant Les peintres et les tableaux célèbres

Cliquez ici pour prendre le quiz!

Statistiques générales

  • Ce quiz a été pris 783 fois
    (769 depuis la dernière actualisation)
  • Le résultat moyen est 19 sur 33

Statistiques - réponses

TableauPrénomNom du peintre% Correct
GuernicaPabloPicasso
96%
La JocondeLeonard deVinci
95%
Cygnes reflétant des éléphantsSalvadorDali
92%
Les tournesolsVincentVan Gogh
91%
Bassin aux nymphéasClaudeMonet
90%
La liberté guidant le peupleEugèneDelacroix
87%
Déjeuner sur l'herbeEdouardManet
86%
le plafond de la chapelle SixtineMichel-Ange
83%
Femmes de TahitiPaulGauguin
76%
Le déjeuner des canotiersPierre-AugusteRenoir
75%
La naissance de VenusSandroBotticelli
72%
L'origine du mondeGustaveCourbet
70%
La montagne Sainte VictoirePaulCézanne
69%
La mort de MaratJacques-LouisDavid
66%
Les repasseusesEdgarDegas
62%
La laitièreJanVermeer
60%
Le radeau de la MéduseThéodoreGericault
59%
Le trois maiFranciscoGoya
59%
Les MéninesDiegoVelazquez
56%
Odalisque Harmonie en rougeHenriMatisse
55%
Ronde de nuitRembrandt
53%
Le jardin des délicesJérômeBosch
51%
La GoulueHenri deToulouse-Lautrec
49%
Femme à la guitareGeorgesBraque
45%
L'AngélusJean-FrançoisMillet
41%
Daniel dans la fosse aux lionsPeter PaulRubens
32%
La charmeuse de serpentsHenriRousseau
27%
Les noces de CanaAntonioVéronèse
26%
A peint 30 tableaux de nusAmedeo ClementeModigliani
24%
Femme à la perleCamilleCorot
22%
Le triomphe d'AlexandreGustaveMoreau
16%
Les charmes de la vieAntoineWatteau
16%
L'adoration des bergersEl Greco
13%

Distribution des résultats

Percentile par nombre de réponses

% des personnes avec chaque résultat

Votre développement - résultats

Vous n’avez pas pris ce quiz depuis la dernière actualisation